<?xml version="1.0" encoding="UTF-8"?>
<record
    xmlns:xsi="http://www.w3.org/2001/XMLSchema-instance"
    xsi:schemaLocation="http://www.loc.gov/MARC21/slim http://www.loc.gov/standards/marcxml/schema/MARC21slim.xsd"
    xmlns="http://www.loc.gov/MARC21/slim">

  <leader>01083nam a22002891i 4500</leader>
  <controlfield tag="005">20200707035735.0</controlfield>
  <controlfield tag="008">200707s2018    ii     e      00| f tam d</controlfield>
  <datafield tag="020" ind1=" " ind2=" ">
    <subfield code="q">paperback</subfield>
    <subfield code="c">RM 50.40</subfield>
  </datafield>
  <datafield tag="040" ind1=" " ind2=" ">
    <subfield code="a">PPAK</subfield>
    <subfield code="b">eng</subfield>
    <subfield code="c">PPAK</subfield>
    <subfield code="e">rda</subfield>
  </datafield>
  <datafield tag="082" ind1="0" ind2="4">
    <subfield code="2">23</subfield>
    <subfield code="a">894.811372</subfield>
  </datafield>
  <datafield tag="090" ind1="0" ind2="0">
    <subfield code="a">894.811372</subfield>
    <subfield code="b">VAT</subfield>
    <subfield code="d">G</subfield>
  </datafield>
  <datafield tag="100" ind1="0" ind2=" ">
    <subfield code="6">880-01 </subfield>
    <subfield code="a">Vatcal&#x101; R&#x101;kava&#x1E49;,</subfield>
    <subfield code="e">author. </subfield>
  </datafield>
  <datafield tag="245" ind1="1" ind2="0">
    <subfield code="6">880-02</subfield>
    <subfield code="a">Ka&#x1E49;&#x1E49;attu muttamo&#x1E49;&#x1E5F;u /</subfield>
    <subfield code="c">Vatcal&#x101; R&#x101;kava&#x1E49;. </subfield>
  </datafield>
  <datafield tag="264" ind1=" " ind2="1">
    <subfield code="6">880-03</subfield>
    <subfield code="a">Ce&#x1E49;&#x1E49;ai : </subfield>
    <subfield code="b">Puva&#x1E49;&#x113;svari Patippakam, </subfield>
    <subfield code="c">2018.</subfield>
  </datafield>
  <datafield tag="300" ind1=" " ind2=" ">
    <subfield code="a">316 pages ;  </subfield>
    <subfield code="c">18 cm.</subfield>
  </datafield>
  <datafield tag="336" ind1=" " ind2=" ">
    <subfield code="2">rdacontent</subfield>
    <subfield code="a">text</subfield>
  </datafield>
  <datafield tag="337" ind1=" " ind2=" ">
    <subfield code="2">rdamedia</subfield>
    <subfield code="a">unmediated</subfield>
  </datafield>
  <datafield tag="338" ind1=" " ind2=" ">
    <subfield code="2">rdacarrier</subfield>
    <subfield code="a">volume</subfield>
  </datafield>
  <datafield tag="500" ind1=" " ind2=" ">
    <subfield code="a">Novel.</subfield>
  </datafield>
  <datafield tag="546" ind1=" " ind2=" ">
    <subfield code="a">In Tamil.</subfield>
  </datafield>
  <datafield tag="650" ind1="1" ind2="0">
    <subfield code="a">Society in literature</subfield>
  </datafield>
  <datafield tag="655" ind1=" " ind2="0">
    <subfield code="a">Tamil fiction. </subfield>
  </datafield>
  <datafield tag="880" ind1="0" ind2=" ">
    <subfield code="6">100-01 </subfield>
    <subfield code="a">&#xBB5;&#xBA4;&#xBCD;&#xB9A;&#xBB2;&#xBBE; &#xBB0;&#xBBE;&#xB95;&#xBB5;&#xBA9;&#xBCD;, </subfield>
    <subfield code="e">author.</subfield>
  </datafield>
  <datafield tag="880" ind1="1" ind2="0">
    <subfield code="6">245-02</subfield>
    <subfield code="a">&#xB95;&#xBA9;&#xBCD;&#xBA9;&#xBA4;&#xBCD;&#xBA4;&#xBC1; &#xBAE;&#xBC1;&#xBA4;&#xBCD;&#xBA4;&#xBAE;&#xBCA;&#xBA9;&#xBCD;&#xBB1;&#xBC1; / </subfield>
    <subfield code="c">&#xBB5;&#xBA4;&#xBCD;&#xB9A;&#xBB2;&#xBBE; &#xBB0;&#xBBE;&#xB95;&#xBB5;&#xBA9;&#xBCD;. </subfield>
  </datafield>
  <datafield tag="880" ind1=" " ind2="1">
    <subfield code="6">264-03</subfield>
    <subfield code="a">&#xB9A;&#xBC6;&#xBA9;&#xBCD;&#xBA9;&#xBC8; </subfield>
    <subfield code="b">&#xBAA;&#xBC1;&#xBB5;&#xBA9;&#xBC7;&#xBB8;&#xBCD;&#xBB5;&#xBB0;&#xBBF; &#xBAA;&#xBA4;&#xBBF;&#xBAA;&#xBCD;&#xBAA;&#xB95;&#xBAE;&#xBCD;,</subfield>
    <subfield code="c">2018.</subfield>
  </datafield>
  <datafield tag="942" ind1=" " ind2=" ">
    <subfield code="2">ddc</subfield>
    <subfield code="c">B</subfield>
  </datafield>
  <datafield tag="999" ind1=" " ind2=" ">
    <subfield code="c">178012</subfield>
    <subfield code="d">178012</subfield>
  </datafield>
  <datafield tag="952" ind1=" " ind2=" ">
    <subfield code="0">0</subfield>
    <subfield code="7">0</subfield>
    <subfield code="b">PPAK</subfield>
    <subfield code="c">G</subfield>
    <subfield code="d">2020-09-08</subfield>
    <subfield code="o">894.811372 VAT</subfield>
    <subfield code="p">A01646037</subfield>
    <subfield code="r">2020-09-08 00:00:00</subfield>
    <subfield code="y">B</subfield>
  </datafield>
  <datafield tag="952" ind1=" " ind2=" ">
    <subfield code="0">0</subfield>
    <subfield code="7">0</subfield>
    <subfield code="b">KM</subfield>
    <subfield code="c">G</subfield>
    <subfield code="d">2020-09-08</subfield>
    <subfield code="l">2</subfield>
    <subfield code="m">1</subfield>
    <subfield code="o">894.811372 VAT</subfield>
    <subfield code="p">A01646038</subfield>
    <subfield code="r">2024-09-09 13:00:41</subfield>
    <subfield code="s">2024-09-02</subfield>
    <subfield code="y">B</subfield>
  </datafield>
</record>
